15 Ways Not to Do the 'Math' Quiz Stats

 Plays Quiz Updated May 14, 2016

Challenge
Share
Tweet
Embed
Score 0/15 Timer 01:30
1 Play Today
Hint Answer % Correct
Change the MBath
97.1%
Change the AMoth
94.6%
Change the AMeth
94.3%
Change the MPath
93.9%
Change the AMyth
90.1%
Change the MHath
86%
Change the MLath
85.6%
Change the HMate
85.4%
Hint Answer % Correct
Change the MRath
82.8%
Change the HMats
79.9%
Change the TMash
79.9%
Change the HMatt
72.7%
Change the MOath
72%
Change the TMach
71.8%
Change the MEath
69.7%

You're not logged in!

Compare scores with friends on all Sporcle quizzes.
Join for Free
OR
Log In

You Might Also Like...

Show Comments

Extras

Top Quizzes Today


Score Distribution

Your Account Isn't Verified!

In order to create a playlist on Sporcle, you need to verify the email address you used during registration. Go to your Sporcle Settings to finish the process.

Report this User

Report this user for behavior that violates our Community Guidelines.

Details: